Регионална библиотека "Любен Каравелов" - Русе

Управление на проекти (Запис номер 5019)

MARC детайли
000 -Лидер
Контролно поле с фиксирана дължина 02120nam a2200433 c 4500
003 - Код на организацията, давaща контролен номер
Контролно поле BLK
005 - Дата и час на последна редакция
Контролно поле 20181107120534.0
008 - Елементи от данни с фиксирана дължина
fixed length control field 180412b bul|||||r ||||||| ||bul||
010 ## - Наследен системен номер
LC control number KNG00006200000
040 ## - Източник на каталожния запис
Идентификатор на билиотеката - собственик на записа BLK
041 ## - Код за език
Код за езика на текст/звукозапис или на отделно заглавие Български
Код за езика КДБФ Български
080 ## - УДК
Текстов определител УДК Методи на управление. Мениджмънт. Анализи, планиране, ръководство, сътрудничество, контрол, коопериране и др.
УДК код - определител по УДК 005.5
УДК - код + определител 005.5
080 ## - УДК
Текстов определител УДК Икономика на промишлеността. Промишлено производство
УДК код - определител по УДК 338.45
УДК - код + определител 338.45
100 1# - Редна дума - Автор
Автор Щуб, Аврахам
Авторска отговорност първи автор
R(LIN) 144699
139 ## - Редно поле
Редна дума Щуб, Аврахам и др.
Авторски знак Щу - Щ 58
245 10 - Сведения за заглавието
Заглавие Управление на проекти
Подзаглавни данни Т. 1 - 2
Редно поле (дума) Аврахам Щуб; съавт. Джонатан Ф. Бард; съавт. Шломо Глоберсон.
Том Т. 2
257 ## - Страна на издаване
Страна на създаване/издаване Съединени американски щати
260 ## - Област на издателските данни
Име на издателя, разпространителя и проч. Делфин прес
Година на издаване 1994
300 ## - Физическа характеристика
Размери/Мащаб 24 см
380 ## - Жанр
Жанр Техника
500 ## - Общи забележки
Забележка Ориг. загл. Project Management / Abraham Shtub, Jonatan F. Bard, Shlomo Globerson. - Авт. не са отбелязани на кор. - Офс. изд. - 500 тир. - Библиогр. след отд. разд.
504 ## - Забележка за наличие на библиография и др
Забележка за наличие на библиография и под. след отд. разд.
650 #4 - Допълнително описание по предмет – тема
Основно описание – тема или топоним Управление - на проекти
9 (RLIN) 249512
650 #4 - Допълнително описание по предмет – тема
Основно описание – тема или топоним Управленски труд
9 (RLIN) 244358
650 #4 - Допълнително описание по предмет – тема
Основно описание – тема или топоним Инженеринг
9 (RLIN) 157236
653 ## - Ключова дума – ненормативна
Ключова дума управление
653 ## - Ключова дума – ненормативна
Ключова дума управленски труд
653 ## - Ключова дума – ненормативна
Ключова дума инженеринг
653 ## - Ключова дума – ненормативна
Ключова дума проекти
653 ## - Ключова дума – ненормативна
Ключова дума управленски решения
700 1# - Други автори (авторска отговорност)
Лично име Бард, Джонатан Ф.
Автороска отговорност (Описва отношението между автора и произведението) съавт.
9 (RLIN) 249511
700 1# - Други автори (авторска отговорност)
Лично име Глоберсон, Шломо
Автороска отговорност (Описва отношението между автора и произведението) съавт.
9 (RLIN) 54428
760 1# - Описание на основната серия
Редна дума на основното описание Щуб, Аврахам
Място на издаване, издател и година 1994
Страници - том 384 с. : със сх., табл., диагр.
Забележка - том Съдържа и Кратко ръководство към SuperProgect Expert.
Заглавие Т. 2
852 ## - Местоположение
Форматна сигнатура Цб 181536
Фондова буква Читалня
Систематично-азбучна сигнатура Ч 65/Щ 58
856 4# - Електронен адрес и достъп
Електронен формат pdf - файл
Път до файла /url/
856 4# - Електронен адрес и достъп
Електронен формат pdf - файл
Път до файла /url/
999 ## - СИСТЕМНИ КОНТРОЛНИ НОМЕРА
Koha biblionumber 5019
Koha biblioitemnumber 5019
942 ## - АРТИКУЛИ
Вид на библиотечния материал Книги
Скрит в OPAC Не
944 ## - СЪЗДАВАНЕ И РЕДАКЦИЯ на ЗАПИСА
Създаване/Редакция Създаване
Дата на регистрацията/редакция 15.01.2003
Служител, извършил регистрацията/редакцията Кети_Илиева
944 ## - СЪЗДАВАНЕ И РЕДАКЦИЯ на ЗАПИСА
Създаване/Редакция Редакция
Дата на регистрацията/редакция 28.11.2012
999 ## - СИСТЕМНИ КОНТРОЛНИ НОМЕРА
Koha biblioitemnumber 5019
999 ## - СИСТЕМНИ КОНТРОЛНИ НОМЕРА
Koha biblioitemnumber 5019
Наличности
Код за отписване Код за изгубен артикул Източник на класификационната схема Код за повреда Коз за рестрикции Код за отдаване Артикулен № Име на библиотеката - собственик Име на библиотеката, в която се намира в момента Статус (Текущо местоположение) Дата на вписване в системата Местоположение - отдел Цена в лева Инвентарен номер Систематично азбучна сигнатура Баркод Номер на екземпляра Цена в евро Служебна бележка Служебен тип на артикула
  Не е изгубен Universal Decimal Classification Не е повреден без рестрикции ползва се в читалня 8898 Регионална библиотека "Любен Каравелов" Русе Регионална библиотека "Любен Каравелов" Русе Хранилище 2001-01-01 Хранилище 0.00 610729 Цб 181536 120000610729 1 0.00 Дост: Dp Вид: Д N: стар фонд Дата: 01.01.1994 Книги
Изтеглен Не е изгубен Universal Decimal Classification Не е повреден без рестрикции ползва се в читалня 8899 Регионална библиотека "Любен Каравелов" Русе Регионална библиотека "Любен Каравелов" Русе Хранилище 2005-12-08 Основен фонд - ползва се само за читалня 30.00 120000698659 Цб 181536 120000698659 2 15.34 Дост: Pk Вид: Ф N: 29 Дата: 02.12.2005 Дата инв: 03.02.2015 Бележки инв: Цб2015 Книги
  Не е изгубен Universal Decimal Classification Не е повреден без рестрикции ползва се в читалня 8900 Регионална библиотека "Любен Каравелов" Русе Регионална библиотека "Любен Каравелов" Русе Читалня 2005-12-08 Читалня 30.00 120000698660 Ч 005/Щ 58 120000698660 3 15.34 Дост: Pk Вид: Ф N: 29 Дата: 02.12.2005 Дата инв: 23.03.2017 Бележки инв: Ч2017 Книги
Vip Innovations Ltd, Rousse, Bulgaria 2025